| 000 | 00934cam a2200205 4500 | ||
|---|---|---|---|
| 001 | 4971 | ||
| 005 | 20181127174522.0 | ||
| 008 | 090206s2009 ilua b 001 0ceng | ||
| 010 | _a 2009005269 | ||
| 020 | _a9780224071901 | ||
| 100 | 1 |
_aEl Diego. _d |
|
| 245 | 1 | 0 |
_aDiego Armando Maradona / _cEl Diego, with Daniel Arcucci and Ernesto Cherquis Bialo. |
| 260 |
_aLondon : _bYellow Jersey Press, _c2004. |
||
| 300 |
_a302 p. : _bchiefly col. ill. ; _c27 cm. |
||
| 490 | 0 | _aThe World Cup | |
| 504 | _aIncludes bibliographical references and index. | ||
| 505 | 0 | _aThe World Cup -- Pele (Brazil) -- Garrincha (Brazil) -- Bobby Charlton (England) -- Franz Beckenbauer (West Germany) -- Johan Cruyff (Holland) -- Michel Platini (France) -- Diego Maradona (Argentina) -- Zinedine Zidane (France) -- David Beckham (England) -- Other great players -- World Cup all-star. | |
| 611 | 2 | 0 | _aWorld Cup (Soccer) |
| 650 | 0 |
_aSoccer players _vBiography. |
|
| 999 |
_c4144 _d4144 |
||